000 00567nam a22001697a 4500
005 20251108164920.0
008 250721s1996 xx 000 0 ara d
082 1 4 _a657.8/نصا
100 1 _aأبو نصار، محمد
245 1 0 _aمحاسبة الشركات الأصول العلمية والعملية :
_bشركات الأشخاص /
264 1 _aعمان :
_bجمعية خبراء الضرائب الأردنية،
_c1996.
300 _a236ص
650 1 7 _aالمحاسبة
650 1 7 _aمحاسبة الشركات
942 _2ddc
_cBK
999 _c17354
_d17354